| 000 | 12878cam a22025814i 4500 | ||
|---|---|---|---|
| 003 | PE-LiUPU | ||
| 005 | 20250813165536.0 | ||
| 008 | 150623s1989 pe a rb 000 0 spa d | ||
| 035 | _a(Sirsi) a25166 | ||
| 040 |
_aPE-LiUPU _bspa _cPE-LiUPU _dPE-LiUPU _erda |
||
| 049 | _aPRUA | ||
| 082 | 0 | 4 |
_a612.8 _bC42 _221 |
| 082 | 0 | 4 |
_a616.85 _bC42 _221 |
| 100 | 1 |
_aCelada Gonzales, Julio, _eautor. |
|
| 245 | 1 | 0 |
_aTranstornos psicofisiologicos : _bclínica y tratamiento / _cJulio Celada Gonzáles. |
| 264 | 1 |
_aLima : _bCentro de Neuropsicología y Rehabilitación, _c1989. |
|
| 300 |
_a208 páginas : _bilustraciones ; _c21 centímetros. |
||
| 336 |
_atext _2rdacontent |
||
| 337 |
_aunmediated _2rdamedia |
||
| 338 |
_avolume _2rdacarrier |
||
| 490 | 0 |
_aNeuropsicología y Rehabilitación ; _v2 |
|
| 504 | _aIncluye bibliografía. | ||
| 505 | 0 | _aTranstornos psicomotores en el niño -- El sindrome hiperkinetico -- El sindrome enuretico -- Comportamiento emocional estres y desordenes psicosomaticos -- Las epilepsias -- Transtornos de la articulación verbal -- La personalidad en la salud y en la crisis social. | |
| 526 | _aP203 | ||
| 526 | _aP200 | ||
| 526 | _aSEG65 | ||
| 526 | _aSEG64 | ||
| 526 | _aSEG63 | ||
| 526 | _aSEG62 | ||
| 526 | _aSEG61 | ||
| 526 | _aSEG60 | ||
| 526 | _aSEG59 | ||
| 526 | _aSEG58 | ||
| 526 | _aSEG57 | ||
| 526 | _aSEG56 | ||
| 526 | _aSEG55 | ||
| 526 | _aSEG54 | ||
| 526 | _aSEG53 | ||
| 526 | _aSEG52 | ||
| 526 | _aSEG51 | ||
| 526 | _aSEG50 | ||
| 526 | _aSEG49 | ||
| 526 | _aSEG48 | ||
| 526 | _aSEG47 | ||
| 526 | _aSEG46 | ||
| 526 | _aSEG24 | ||
| 526 | _aSEG23 | ||
| 526 | _aSEG22 | ||
| 526 | _aSEG21 | ||
| 526 | _aSEG20 | ||
| 526 | _aSEG19 | ||
| 526 | _aSEG18 | ||
| 526 | _aSEG17 | ||
| 526 | _aSEG16 | ||
| 526 | _aSEG14 | ||
| 526 | _aSEG13 | ||
| 526 | _aSEG12 | ||
| 526 | _aSEG11 | ||
| 526 | _aSEG10 | ||
| 526 | _aSEG09 | ||
| 526 | _aSEG06 | ||
| 526 | _aSEG05 | ||
| 526 | _aSEG04 | ||
| 526 | _aSEG03 | ||
| 526 | _aSEG02 | ||
| 526 | _aSEG68 | ||
| 526 | _aSEG66 | ||
| 526 | _aSEG45 | ||
| 526 | _aSEG25 | ||
| 526 | _aSEG01 | ||
| 526 | _aP163 | ||
| 526 | _aP162 | ||
| 526 | _aP161 | ||
| 526 | _aP160 | ||
| 526 | _aP159 | ||
| 526 | _aP158 | ||
| 526 | _aP157 | ||
| 526 | _aP156 | ||
| 526 | _aP155 | ||
| 526 | _aP154 | ||
| 526 | _aP153 | ||
| 526 | _aP152 | ||
| 526 | _aP151 | ||
| 526 | _aP150 | ||
| 526 | _aP149 | ||
| 526 | _aP142 | ||
| 526 | _aP141 | ||
| 526 | _aP140 | ||
| 526 | _aP139 | ||
| 526 | _aP138 | ||
| 526 | _aP137 | ||
| 526 | _aP132 | ||
| 526 | _aP131 | ||
| 526 | _aP130 | ||
| 526 | _aP126 | ||
| 526 | _aP125 | ||
| 526 | _aP124 | ||
| 526 | _aP123 | ||
| 526 | _aP115 | ||
| 526 | _aP122 | ||
| 526 | _aP121 | ||
| 526 | _aP116 | ||
| 526 | _a P114 | ||
| 526 | _aP112 | ||
| 526 | _aP111 | ||
| 526 | _aP104 | ||
| 526 | _aP103 | ||
| 526 | _aP102 | ||
| 526 | _aP101 | ||
| 526 | _aP100 | ||
| 526 | _aP96 | ||
| 526 | _aP95 | ||
| 526 | _aP93 | ||
| 526 | _aP92 | ||
| 526 | _aP91 | ||
| 526 | _aP88 | ||
| 526 | _aP83 | ||
| 526 | _aP82 | ||
| 526 | _aP79 | ||
| 526 | _aP78 | ||
| 526 | _aP75 | ||
| 526 | _aP74 | ||
| 526 | _aP71 | ||
| 526 | _aP69 | ||
| 526 | _a P51 | ||
| 526 | _aP49 | ||
| 526 | _aP48 | ||
| 526 | _aP47 | ||
| 526 | _aP33 | ||
| 526 | _aP31 | ||
| 526 | _a P30 | ||
| 526 | _aP29 | ||
| 526 | _aP27 | ||
| 526 | _aP26 | ||
| 526 | _aP25 | ||
| 526 | _aP24 | ||
| 526 | _a P22 | ||
| 526 | _aP10 | ||
| 526 | _aP09 | ||
| 526 | _a P08 | ||
| 526 | _aP06 | ||
| 526 | _aP05 | ||
| 526 | _aP04 | ||
| 526 | _aP01 | ||
| 541 | _g001-00003175; | ||
| 650 | 0 | 4 | _aPsicofisiología. |
| 910 | _cdgt | ||
| 910 |
_btqv _caic _d20170208 |
||
| 942 |
_2ddc _cBOOK |
||
| 949 |
_a612.8 C42 _wDEWEY _c1 _i50087 _lCCODEBUL1 _mBUL _p00.00 _r0 _sY _tBOOK _u2015-06-24 _xSALUD _zUNKNOWN _0COMPRA _o.STAFF. Colección General |
||
| 949 |
_a612.8 C42 _wDEWEY _c2 _i50088 _lCCODEBUL1 _mBUL _p00.00 _r0 _sY _tBOOK _u2015-06-24 _xSALUD _zUNKNOWN _0COMPRA _o.STAFF. Colección Ciencias de la Salud |
||
| 949 |
_a612.8 C42 _wDEWEY _c3 _i50089 _lCCODEBUL1 _mBUL _p00.00 _r0 _sY _tBOOK _u2015-06-24 _xSALUD _zUNKNOWN _0COMPRA _o.STAFF. Colección General |
||
| 949 |
_a612.8 C42 _wDEWEY _c4 _i50090 _lCCODEBUL1 _mBUL _p00.00 _r0 _sY _tBOOK _u2015-06-24 _xSALUD _zUNKNOWN _0COMPRA _o.STAFF. Colección General |
||
| 949 |
_a612.8 C42 _wDEWEY _c5 _i50091 _lCCODEBUL1 _mBUL _p00.00 _r0 _sY _tBOOK _u2015-06-24 _xSALUD _zUNKNOWN _0COMPRA _o.STAFF. Colección General |
||
| 949 |
_a612.8 C42 _wDEWEY _c6 _i50092 _lCCODEBUL1 _mBUL _p00.00 _r0 _sY _tBOOK _u2015-06-24 _xSALUD _zUNKNOWN _0COMPRA _o.STAFF. Colección General |
||
| 949 |
_a612.8 C42 _wDEWEY _c7 _i50093 _lCCODEBUL1 _mBUL _p00.00 _r0 _sY _tBOOK _u2015-06-24 _xSALUD _zUNKNOWN _0COMPRA _o.STAFF. Colección General |
||
| 949 |
_a612.8 C42 _wDEWEY _c8 _i50084 _lCCODEBUL1 _mBUL _p00.00 _r0 _sY _tBOOK _u2015-06-24 _xSALUD _zUNKNOWN _0COMPRA _o.STAFF. Colección General |
||
| 949 |
_a612.8 C42 _wDEWEY _c9 _i50085 _lCCODEBUL1 _mBUL _p00.00 _r0 _sY _tBOOK _u2015-06-24 _xSALUD _zUNKNOWN _0COMPRA _o.STAFF. Colección Ciencias de la Salud |
||
| 949 |
_a616.85 C42 _wDEWEY _c1 _iFJ06615 _lCCODEBUJ1 _mBUJ _p5.00 _r0 _sY _tBOOK _u2017-02-08 _xSALUD _zPSICOLOGÍA _0COMPRA _o.STAFF. Colección General Juliaca |
||
| 949 |
_a616.85 C42 _wDEWEY _c2 _iFJ06616 _lCCODEBUJ1 _mBUJ _p5.00 _r0 _sY _tBOOK _u2017-02-08 _xSALUD _zPSICOLOGÍA _0COMPRA _o.STAFF. Colección General Juliaca |
||
| 949 |
_a616.85 C42 _wDEWEY _c3 _iFJ06617 _lCCODEBUJ1 _mBUJ _p5.00 _r0 _sY _tBOOK _u2017-02-08 _xSALUD _zPSICOLOGÍA _0COMPRA _o.STAFF. Colección General Juliaca |
||
| 949 |
_a616.85 C42 _wDEWEY _c4 _iFJ06618 _lCCODEBUJ1 _mBUJ _p5.00 _r0 _sY _tBOOK _u2017-02-08 _xSALUD _zPSICOLOGÍA _0COMPRA _o.STAFF. Colección General Juliaca |
||
| 949 |
_a616.85 C42 _wDEWEY _c5 _iFJ06619 _lCCODEBUJ1 _mBUJ _p5.00 _r0 _sY _tBOOK _u2017-02-08 _xSALUD _zPSICOLOGÍA _0COMPRA _o.STAFF. Colección General Juliaca |
||
| 949 |
_a616.85 C42 _wDEWEY _c6 _iFJ06620 _lCCODEBUJ1 _mBUJ _p5.00 _r0 _sY _tBOOK _u2017-02-08 _xSALUD _zPSICOLOGÍA _0COMPRA _o.STAFF. Colección General Juliaca |
||
| 949 |
_a616.85 C42 _wDEWEY _c7 _iFJ06621 _lCCODEBUJ1 _mBUJ _p5.00 _r0 _sY _tBOOK _u2017-02-08 _xSALUD _zPSICOLOGÍA _0COMPRA _o.STAFF. Colección General Juliaca |
||
| 949 |
_a616.85 C42 _wDEWEY _c8 _iFJ06622 _lCCODEBUJ1 _mBUJ _p5.00 _r0 _sY _tBOOK _u2017-02-08 _xSALUD _zPSICOLOGÍA _0COMPRA _o.STAFF. Colección General Juliaca |
||
| 949 |
_a616.85 C42 _wDEWEY _c9 _iFJ06623 _lCCODEBUJ1 _mBUJ _p5.00 _r0 _sY _tBOOK _u2017-02-08 _xSALUD _zPSICOLOGÍA _0COMPRA _o.STAFF. Colección General Juliaca |
||
| 949 |
_a616.85 C42 _wDEWEY _c10 _iFJ06624 _lCCODEBUJ1 _mBUJ _p5.00 _r0 _sY _tBOOK _u2017-02-08 _xSALUD _zPSICOLOGÍA _0COMPRA _o.STAFF. Colección General Juliaca |
||
| 949 |
_a616.85 C42 _wDEWEY _c11 _iFJ06625 _lCCODEBUJ1 _mBUJ _p5.00 _r0 _sY _tBOOK _u2017-02-08 _xSALUD _zPSICOLOGÍA _0COMPRA _o.STAFF. Colección General Juliaca |
||
| 949 |
_a616.85 C42 _wDEWEY _c12 _iFJ06626 _lCCODEBUJ1 _mBUJ _p5.00 _r0 _sY _tBOOK _u2017-02-08 _xSALUD _zPSICOLOGÍA _0COMPRA _o.STAFF. Colección General Juliaca |
||
| 949 |
_a616.85 C42 _wDEWEY _c13 _iFJ06627 _lCCODEBUJ1 _mBUJ _p5.00 _r0 _sY _tBOOK _u2017-02-08 _xSALUD _zPSICOLOGÍA _0COMPRA _o.STAFF. Colección General Juliaca |
||
| 949 |
_a616.85 C42 _wDEWEY _c14 _iFJ06628 _lCCODEBUJ1 _mBUJ _p5.00 _r0 _sY _tBOOK _u2017-02-08 _xSALUD _zPSICOLOGÍA _0COMPRA _o.STAFF. Colección General Juliaca |
||
| 596 | _a1 2 3 | ||
| 999 |
_a612.8 C42 _wDEWEY _c31033 _i50087 _lLOST _mBUL _r1 _sN _tBOOK _u2015-6-24 _xSALUD _zUNKNOWN _0COMPRA _o.STAFF. Colección General _d31033 |
||
| 999 |
_a612.8 C42 _wDEWEY _c2 _i50088 _d2016-6-26 _e2016-6-24 _f2021-11-3 _g5 _lCCODEBUL1 _mBUL _n1 _p20.00 _r0 _sY _tBOOK _u2015-6-24 _xSALUD _zUNKNOWN _0COMPRA _o.STAFF. Colección Ciencias de la Salud |
||
| 999 |
_a612.8 C42 _wDEWEY _c3 _i50089 _lLOST _mBUL _r1 _sN _tBOOK _u2015-6-24 _xSALUD _zUNKNOWN _0COMPRA _o.STAFF. Colección General |
||
| 999 |
_a612.8 C42 _wDEWEY _c4 _i50090 _lLOST _mBUL _r1 _sN _tBOOK _u2015-6-24 _xSALUD _zUNKNOWN _0COMPRA _o.STAFF. Colección General |
||
| 999 |
_a612.8 C42 _wDEWEY _c5 _i50091 _lLOST _mBUL _r1 _sN _tBOOK _u2015-6-24 _xSALUD _zUNKNOWN _0COMPRA _o.STAFF. Colección General |
||
| 999 |
_a612.8 C42 _wDEWEY _c6 _i50092 _lDISCARD _mBUL _r0 _sY _tBOOK _u2015-6-24 _xSALUD _zUNKNOWN _0COMPRA _o.STAFF. Colección General |
||
| 999 |
_a612.8 C42 _wDEWEY _c7 _i50093 _lDISCARD _mBUL _r0 _sY _tBOOK _u2015-6-24 _xSALUD _zUNKNOWN _0COMPRA _o.STAFF. Colección General |
||
| 999 |
_a612.8 C42 _wDEWEY _c8 _i50084 _f2019-12-11 _g4 _lDISCARD _mBUL _r1 _sY _tBOOK _u2015-6-24 _xSALUD _zUNKNOWN _0COMPRA _o.STAFF. Colección General |
||
| 999 |
_a612.8 C42 _wDEWEY _c9 _i50085 _d2019-10-23 _e2019-10-22 _f2021-11-3 _g5 _lCCODEBUL1 _mBUL _n3 _p20.00 _q1 _r0 _sY _tBOOK _u2015-6-24 _xSALUD _zUNKNOWN _0COMPRA _o.STAFF. Colección Ciencias de la Salud |
||
| 999 |
_a612.8 C42 _wDEWEY _c1 _iFT01623 _f2019-2-20 _g1 _lCCODEBUT1 _mBUT _p20.00 _r0 _sY _tBOOK _u2016-2-8 _xSALUD _PP33 _0DONACION _o.STAFF. Colección General |
||
| 999 |
_a612.8 C42 _wDEWEY _c2 _iFT01618 _f2019-2-20 _g1 _lCCODEBUT1 _mBUT _p20.00 _r0 _sY _tBOOK _u2016-3-15 _xSALUD _PP33 _0DONACION _o.STAFF. Colección General |
||
| 999 |
_a612.8 C42 _wDEWEY _c3 _iFT01621 _f2019-2-20 _g1 _lCCODEBUT1 _mBUT _p20.00 _r0 _sY _tBOOK _u2016-3-15 _xSALUD _PP33 _0DONACION _o.STAFF. Colección General |
||
| 999 |
_a612.8 C42 _wDEWEY _c4 _iFT01624 _f2019-2-20 _g1 _lCCODEBUT1 _mBUT _p20.00 _r0 _sY _tBOOK _u2016-3-15 _xSALUD _PP33 _0DONACION _o.STAFF. Colección General |
||
| 999 |
_a612.8 C42 _wDEWEY _c5 _iFT01619 _f2019-2-20 _g1 _lCCODEBUT1 _mBUT _p20.00 _r0 _sY _tBOOK _u2016-4-14 _xSALUD _PP33 _0DONACION _o.STAFF. Colección General |
||
| 999 |
_a612.8 C42 _wDEWEY _c6 _iFT01620 _f2019-2-20 _g1 _lCCODEBUT1 _mBUT _p20.00 _r0 _sY _tBOOK _u2016-6-21 _xSALUD _PP33 _0COMPRA _o.STAFF. Colección General |
||
| 999 |
_a616.85 C42 _wDEWEY _c1 _iFJ06615 _f2022-1-25 _g4 _lCCODEBUJ1 _mBUJ _p5.00 _r0 _sY _tBOOK _u2017-2-8 _xSALUD _PP33 _0COMPRA _o.STAFF. Colección General Juliaca |
||
| 999 |
_a616.85 C42 _wDEWEY _c2 _iFJ06616 _f2022-1-25 _g4 _lCCODEBUJ1 _mBUJ _p5.00 _r0 _sY _tBOOK _u2017-2-8 _xSALUD _PP33 _0COMPRA _o.STAFF. Colección General Juliaca |
||
| 999 |
_a616.85 C42 _wDEWEY _c3 _iFJ06617 _d2019-11-12 _e2018-6-15 _f2022-1-25 _g4 _lCCODEBUJ1 _mBUJ _n1 _p5.00 _q1 _r0 _sY _tBOOK _u2017-2-8 _xSALUD _PP33 _0COMPRA _o.STAFF. Colección General Juliaca |
||
| 999 |
_a616.85 C42 _wDEWEY _c4 _iFJ06618 _d2019-11-13 _f2022-1-25 _g5 _lCCODEBUJ1 _mBUJ _p5.00 _q1 _r0 _sY _tBOOK _u2017-2-8 _xSALUD _PP33 _0COMPRA _o.STAFF. Colección General Juliaca |
||
| 999 |
_a616.85 C42 _wDEWEY _c5 _iFJ06619 _d2019-11-12 _e2017-9-18 _f2022-1-25 _g4 _lCCODEBUJ1 _mBUJ _n1 _p5.00 _q1 _r0 _sY _tBOOK _u2017-2-8 _xSALUD _PP33 _0COMPRA _o.STAFF. Colección General Juliaca |
||
| 999 |
_a616.85 C42 _wDEWEY _c6 _iFJ06620 _d2017-9-20 _f2022-1-25 _g4 _lCCODEBUJ1 _mBUJ _p5.00 _q1 _r0 _sY _tBOOK _u2017-2-8 _xSALUD _PP33 _0COMPRA _o.STAFF. Colección General Juliaca |
||
| 999 |
_a616.85 C42 _wDEWEY _c7 _iFJ06621 _d2019-11-12 _f2022-1-25 _g5 _lCCODEBUJ1 _mBUJ _p5.00 _q1 _r0 _sY _tBOOK _u2017-2-8 _xSALUD _PP33 _0COMPRA _o.STAFF. Colección General Juliaca |
||
| 999 |
_a616.85 C42 _wDEWEY _c8 _iFJ06622 _d2019-11-13 _f2022-1-25 _g6 _lCCODEBUJ1 _mBUJ _p5.00 _q4 _r0 _sY _tBOOK _u2017-2-8 _xSALUD _PP33 _0COMPRA _o.STAFF. Colección General Juliaca |
||
| 999 |
_a616.85 C42 _wDEWEY _c9 _iFJ06623 _d2019-11-25 _f2022-1-25 _g4 _lCCODEBUJ1 _mBUJ _p5.00 _q2 _r0 _sY _tBOOK _u2017-2-8 _xSALUD _PP33 _0COMPRA _o.STAFF. Colección General Juliaca |
||
| 999 |
_a616.85 C42 _wDEWEY _c10 _iFJ06624 _d2019-11-12 _f2022-1-25 _g4 _lCCODEBUJ1 _mBUJ _p5.00 _q2 _r0 _sY _tBOOK _u2017-2-8 _xSALUD _PP33 _0COMPRA _o.STAFF. Colección General Juliaca |
||
| 999 |
_a616.85 C42 _wDEWEY _c11 _iFJ06625 _f2022-1-25 _g4 _lCCODEBUJ1 _mBUJ _p5.00 _r0 _sY _tBOOK _u2017-2-8 _xSALUD _PP33 _0COMPRA _o.STAFF. Colección General Juliaca |
||
| 999 |
_a616.85 C42 _wDEWEY _c12 _iFJ06626 _d2019-11-12 _f2022-1-25 _g5 _lCCODEBUJ1 _mBUJ _p5.00 _q3 _r0 _sY _tBOOK _u2017-2-8 _xSALUD _PP33 _0COMPRA _o.STAFF. Colección General Juliaca |
||
| 999 |
_a616.85 C42 _wDEWEY _c13 _iFJ06627 _d2019-11-12 _f2022-1-25 _g5 _lCCODEBUJ1 _mBUJ _p5.00 _q2 _r0 _sY _tBOOK _u2017-2-8 _xSALUD _PP33 _0COMPRA _o.STAFF. Colección General Juliaca |
||
| 999 |
_a616.85 C42 _wDEWEY _c14 _iFJ06628 _d2018-10-2 _e2017-5-24 _f2022-1-25 _g4 _lCCODEBUJ1 _mBUJ _n1 _p5.00 _q2 _r0 _sY _tBOOK _u2017-2-8 _xSALUD _PP33 _0COMPRA _o.STAFF. Colección General Juliaca |
||
| 980 |
_81 _gALBERTO SANCHEZ Responsable de Automatización |
||